| 000 | 02924cam a2200601 i 4500 | ||
|---|---|---|---|
| 001 | xx004903153 | ||
| 003 | NUKAT | ||
| 005 | 20260430150831.0 | ||
| 008 | 200709s2020 pl a |001 0 pol c | ||
| 020 |
_a9788380988842 _q(oprawa twarda) |
||
| 035 | _a(OCoLC)1183370222 | ||
| 035 | _a(NUKAT)xx004903153 | ||
| 040 |
_aWR U/MB _bpol _erda _cWR U/MBs _dWR U/hb _dWR O/KP _dWA 14/PTs _dOLSZT 008/bak |
||
| 045 | 2 |
_bd1914 _bd1921 |
|
| 046 | _k2020 | ||
| 245 | 0 | 0 |
_aWarszawiacy wobec niepodległości : _bdziałania mieszkańców Warszawy na rzecz odradzania się Rzeczypospolitej Polskiej w latach 1914-1921 : studia historyczne / _cpod redakcją Michała Zarychty ; Instytut Pamięci Narodowej. Komisja Ścigania Zbrodni przeciwko Narodowi Polskiemu. Oddział w Warszawie. |
| 246 | 3 | 0 | _aDziałania mieszkańców Warszawy na rzecz odradzania się Rzeczypospolitej Polskiej w latach 1914-1921 |
| 260 |
_aWarszawa : _bInstytut Pamięci Narodowej, _c2020. |
||
| 300 |
_a236 stron : _bilustracje ; _c25 cm + _eplan : [1] karta kolorowa złożona. |
||
| 336 |
_aTekst _btxt _2rdacontent |
||
| 337 |
_aBez urządzenia pośredniczącego _bn _2rdamedia |
||
| 338 |
_aWolumin _bnc _2rdacarrier |
||
| 380 | _aKsiążki | ||
| 380 | _aPublikacje naukowe | ||
| 388 | 1 | _a2001- | |
| 490 | 1 |
_aWarszawa Nie?Pokonana ; _vt. 21 |
|
| 500 | _aPlan pt.: Miasto stołeczne Warszawa : szkic wstępny planu regulacyjnego w związku z posiadłościami miejskiemi i państwowemi : ogrody i parki istniejące i projektowane. | ||
| 504 | _aBibliografia przy rozdziałach. Indeks. | ||
| 610 | 2 | 7 |
_aNarodowa Demokracja _y1900-1945. _2kaba _913289 |
| 610 | 2 | 7 |
_aPolska Partia Socjalistyczna (1909-1919). _2kaba _941075 |
| 630 | 0 | 7 |
_aVarsaviana _2DBN _941079 |
| 648 | 7 |
_a1901-2000 _2DBN _934996 |
|
| 648 | 7 |
_a1914-1918 _2DBN _936040 |
|
| 648 | 7 |
_a1918-1939 _2DBN _936041 |
|
| 650 | 7 |
_aI wojna światowa (1914-1918) _2DBN _935952 |
|
| 650 | 7 |
_aLudność miejska _2DBN _936671 |
|
| 650 | 7 |
_aOdzyskanie niepodległości przez Polskę (1918) _2DBN _935453 |
|
| 650 | 7 |
_aRuchy niepodległościowe _2DBN _935774 |
|
| 650 | 7 |
_aSuwerenność państwa _2DBN _940773 |
|
| 650 | 7 |
_aHarcerze _zPolska _zWarszawa _y1900-1945. _2kaba _941080 |
|
| 650 | 7 |
_aUrbanistyka _zPolska _zWarszawa _y1900-1945. _2kaba _941081 |
|
| 650 | 7 |
_aTowarzystwa _zPolska _zWarszawa _y1900-1945. _2kaba _941082 |
|
| 650 | 7 |
_aSport _zPolska _zWarszawa _y1900-1945. _2kaba _941083 |
|
| 651 | 7 |
_aWarszawa (woj. mazowieckie) _2DBN _937253 |
|
| 651 | 7 |
_aWarszawa (Polska) _y1900-1945. _2kaba _941084 |
|
| 655 | 7 |
_aPraca zbiorowa _2DBN _935107 |
|
| 658 | _aHistoria | ||
| 700 | 1 |
_aZarychta, Michał. _eRedakcja _941074 |
|
| 710 | 2 |
_aInstytut Pamięci Narodowej - Komisja Ścigania Zbrodni przeciwko Narodowi Polskiemu. _bOddział (Warszawa). _eInstytucja sprawcza _eWydawca _4pbl _913138 |
|
| 830 | 0 |
_aWarszawa Nie?Pokonana _vt. 21 _914501 |
|
| 920 | _a978-83-8098-884-2 (oprawa twarda) | ||
| 942 |
_2ddc _cBK_NM |
||
| 999 |
_c27911 _d27911 |
||